000 00576nam a22001697a 4500
003 NUST
038 _aNusrat Nadeem
082 _a200
100 _aBashir, Muhammad Daud
_997391
245 _aDouble Integral Barrier Function Based Adaptive Robust Non Linear Control of DC micro-grid /
_cMuhammad Daud Bashir
264 _aIslamabad :
_bSEECS, NUST,
_c2022.
300 _a35 p. ;
650 _aMS-Electrical Engineering
_923567
700 _aSupervisor: Dr. Iftikhar Ahmad Rana
_996695
856 _uhttp://10.250.8.41:8080/xmlui/handle/123456789/30008
942 _2ddc
_cSC
999 _c591046
_d591046